| 000 | 00486nam a22001577a 4500 | ||
|---|---|---|---|
| 005 | 20251108171956.0 | ||
| 008 | 250721s1981 xx 000 0 ara d | ||
| 082 | 1 | 4 | _a658/فيص |
| 100 | 1 | _aمرار، فيصل فخري | |
| 245 | 1 | 0 | _aالإدارة بالأهداف و النتائج / |
| 264 | 1 |
_aعمان : _bالمنظمة العربية للعلوم الإدارية، _c1981. |
|
| 300 | _a100ص | ||
| 650 | 1 | 7 | _aإدارة الأعمال |
| 942 |
_2ddc _cBK |
||
| 999 |
_c67358 _d67358 |
||